000 01093cam a22002774a 4500
005 20260322212006.0
008 data
010 _a 2004047450
020 _a0757301509 (tp)
020 _a9780757301506 (tp)
040 _aDLC
_cDLC
_dDLC
042 _apcc
050 0 0 _aBJ1631
_b.C4652 2004
082 0 0 _a158.1/083
_222
092 _a158.1 C4652 2004
245 1 0 _aChicken soup for the preteen soul 2 :
_bstories about facing challenges, realizing dreams, and making a difference /
_cJack Canfield.
246 3 _aChicken soup for the preteen soul two
260 _aDeerfield Beach, Fla. :
_bHealth Communications,
_cc2004.
300 _axxiii, 404 p. :
_bill. ;
_c22 cm.
650 0 _aPreteens
_xConduct of life
_vJuvenile literature.
700 1 _aCanfield, Jack,
_d1944-
856 4 2 _3Publisher description
_uhttp://www.loc.gov/catdir/description/hci051/2004047450.html
856 4 1 _3Sample text
_uhttp://www.loc.gov/catdir/enhancements/fy0727/2004047450-s.html
856 4 2 _3Contributor biographical information
_uhttp://www.loc.gov/catdir/enhancements/fy0735/2004047450-b.html
001 data
999 _c97
_d97